Problema prejemstvennosti černjachovskich i rannesrednevekovych drevnostej v svete novych issledovanij na srednem Dnestre

Bibliographic Details
Main Authors: Vakulenko, L. V. (Author), Prichodnjuk, O. M. (Author)
Format: Article
Language:Slovak
Russian
PhysicalDescription:Obr. 29. Res. angl., lit. 70 zázn. v ruš., nem., angl., rum.
Subjects:

MARC

LEADER 00000nab a2200000 a 4500
001 vtls000221740
003 SK-MaSNL
005 20260305003514.0
008 250423c1985 xo 0 slo
015 |a SNBRB19rr/mm-uuuuu 
035 |a CL0231854 
035 |a urn:nbn:sk:snk-aba81e 
035 |a (urnnbn)urn:nbn:sk:snk:ar-a09k00 
035 |a (uuid)7e113147-ab45-4222-be32-6d55d9f0891c 
040 |a SNKBUCL  |b slo  |c SNKBUCL  |e AACR2 
041 0 |a rus 
044 |a xo  |c SK 
080 |a 904:72:902  |2 1981 
080 |a 72  |2 1981 
080 |a 902  |2 1981 
100 1 |a Vakulenko, L. V.  |4 aut  |9 1580489 
245 1 0 |a Problema prejemstvennosti černjachovskich i rannesrednevekovych drevnostej v svete novych issledovanij na srednem Dnestre  |c L. V. Vakulenko, O. M. Prichodnjuk 
300 |b Obr. 29. Res. angl., lit. 70 zázn. v ruš., nem., angl., rum. 
650 0 7 |a pevnosti  |2 snkbucl  |9 2991 
650 0 7 |a raný stredovek  |2 snkbucl  |9 76105 
650 0 7 |a archeologické nálezy  |2 snkbucl  |9 4975 
651 7 |a Dnester (Ukrajina)  |2 snkbucl  |9 1580490 
655 7 |a články z novín a časopisov  |2 snkbucl  |9 267496 
700 1 |a Prichodnjuk, O. M.  |4 aut  |9 1580491 
773 0 |t Slovenská archeológia  |g Roč. 33, č. 1 (1985), s. 71-136 
850 |a Slovenská národná knižnica 
852 |a Slovenská národná knižnica 
958 |a article13 
958 |a RK 
958 |a NB 
958 |a SU 
958 |a OND 
958 |a EUIPO 
992 |a RBX 
999 |c 3230643  |d 3232573